01346nam a2200397 a 4500008004100000020001800041041000800059100002200067245006300089250004300152260003300195300001100228500009700239653007400336653001500410653001300425653002400438653002700462653002200489653002400511653001400535653002000549653002700569653002500596653003500621653002200656653001600678653002500694653003700719653004400756653003500800653002200835653003300857653003400890653002400924181120s2017 es a|||frp||| 001 | spa d a9788491131182 aspa1 aGartner, Leslie.P aTexto de Histología. bAtlas a color /cLeslie.P Gartner a4a ed.bTraducción Elsevier España aBarcelona:bElsevier;c2017. a651 p. aGartner, L. P. (2017). Texto de histología. Atlas a color. (4a ed.). Barcelona : Elsevier. aIntroducción a la histología y técnicas histológica básicas aCitoplasma aNúcleo aMatriz extracelular aEpitelio y glándulas aTejido conjuntivo aCartílago y hueso aMúsculo aTejido nervioso aSangre y hematopoyesis aSistema circulatorio aSistema linfoide( inmunitario) aSistema endocrino aIntegumento aAparato respiratorio aAparato digestivo: cavidad bucal aAparato digestivo: conducto alimentario aAparato digestivo: glándulas aAparato urinario. aAparato reproductor femenino aAparato reproductor masculino aSentidos especiales